Історія Лізі (Запис № 17777)

000 -Маркер запису
Контрольне поле сталої довжини 02543nam a22002537a 4500
003 - Належність контрольного номера
Контрольне поле Uzh_bibl
008 - Кодовані дані
Контрольне поле сталої довжини 260515b |||||||| |||| 00| 0 ukr d
020 ## - Індекс ISBN
ISBN 978-617-12-4741-3
Ціна 134.00
040 ## - Джерело каталогіз.
Код мови каталог. укр.
041 ## - Код мови видання
Код мови оригіналу англійська
Код мови тексту українська
080 ## - Індекс УДК
Індекс УДК 821(73)
090 ## - Шифри
Поличний індекс 821(73)
Авторський знак К 41
100 ## - Автор
Автор Кінг,Стівен
245 ## - Назва
Назва Історія Лізі
Відповідальність пер.з англ. Віктора Шовкуна
Фізичний носій Текст
260 ## - Вихідні дані
Місце видання Харків
Видавництво Книжковий Клуб"Клуб Сімейного Дозвілля"
Дата видання 2019
300 ## - Фізичний опис
Обсяг 617 с.
Тип одиниці В опр.
520 ## - Анотація
Анотація Стівен Кінг — шалено популярний американський письменник, майже кожен твір котрого стає світовим бестселером. За понад 40 років його творчої діяльності світ побачили безліч романів, наклади яких давно перетнули межу в третину мільярда примірників. Кінг — володар великої кількості престижних літературних нагород і кумир численної армії шанувальників.<br/><br/>Покійний чоловік Лізі, Скот Лендон, був відомим письменником. Іноді здавалося, що він продав душу дияволу і саме за це отримав свій надзвичайний талант. Після смерті чоловіка жінці докучають літературознавці, які будь-що прагнуть заволодіти творчими доробками Скота. Та коли жінка береться за впорядкування його творів, то розуміє, що в житті Скота було дещо жахливе, моторошне. Щось таке, із чого він черпав натхнення, за яке потім заплатив своїм життям. Ким насправді був Скот? Лізі починає блукати в лабіринті секретів минулого. Ще трохи, і знайти вихід буде неможливо…<br/><br/>
521 ## - Примітка про цільове призначення
Примітка про цільове призначення 16+
546 ## - Примітка про мову
Примітка про мову укр.
650 ## - Тематичні рубрики
Основна рубрика Літературно-художнє видання
653 ## - Ключові слова
Ключові слова Письменник
-- Продаж душі
-- Талант
-- Смерть
655 ## - Термін індексування — жанр/форма
Жанр/форма Жахи
Типове ділення Роман
942 ## - ADDED ENTRY ELEMENTS (KOHA)
Джерело класифікації чи схема поличного розташування
Koha item type Книги
Фонди
Статус вилучення Статус втрати/відсутності Джерело класифікації чи схема поличного розташування Статус пошкодження Тип обігу (не для випозичання) Постійне розташування Поточне розташування Розташування у відділі Дата надходження Інвентарний номер Total Checkouts Повний (примірниковий) шифр зберігання Штрих-код Date last seen Дата, для якої чинна ціна заміни Тип одиниці (рівень примірника)
          Бібліотека-філія №3 Бібліотека-філія №3 Абонемент старший відділ 15/05/2026 71733   821(73) 4211 15/05/2026 15/05/2026 Книги

Працює на АБІС Коха